Statistiques concernant Pays du monde contenant un D

Cliquez ici pour prendre le quiz!

Statistiques générales

  • Ce quiz a été pris 1 001 fois
  • Le résultat moyen est 27 sur 42

Statistiques - réponses

Pays% Correct
Danemark
95%
Corée du Sud
79%
Canada
76%
Djibouti
76%
République Dominicaine
76%
Dominique
75%
Finlande
75%
Irlande
75%
Soudan
75%
Afrique du Sud
74%
Corée du Nord
74%
Inde
74%
Islande
74%
Soudan du Sud
72%
Indonésie
70%
Andorre
69%
Suède
68%
Madagascar
66%
République Démocratique du Congo
66%
Azerbaidjan
65%
Arabie Saoudite
62%
Macédoine du Nord
62%
Honduras
60%
Tadjikistan
60%
Moldavie
58%
Nouvelle-Zélande
58%
Barbade
57%
Fidji
55%
Jordanie
55%
Tchad
54%
Antigua-et-Barbuda
53%
Cambodge
53%
Burundi
52%
Grenade
51%
Ouganda
51%
Rwanda
51%
Thailande
51%
Bangladesh
50%
Côte d'Ivoire
49%
Maldives
49%
Saint-Vincent-et-les-Grenadines
48%
Salvador
47%

Distribution des résultats

Percentile par nombre de réponses

% des personnes avec chaque résultat

Votre développement - résultats

Vous n’avez pas pris ce quiz